| 000 | 02404ncm0a2200397 4500 | ||
|---|---|---|---|
| 001 | RU\NLR\ONIZ\303927 | ||
| 005 | 20260426081100.0 | ||
| 035 | _a(NLR Aleph) 022791706 | ||
| 071 | 2 | 0 | _aГ. М. 5102 И. М. |
| 090 |
_a13698083 _c13698083 |
||
| 100 | _a20240403g1920 u y0rusy50 ca | ||
| 101 | 0 |
_arus _aeng |
|
| 102 | _aRU | ||
| 125 | _aa| | ||
| 128 | _afox | ||
| 145 | 0 | _ab | |
| 200 | 1 |
_aДля меня и моей подруги _bНоты _eамериканская песенка _dFor me and my gall [т. е. gal] _echanson americaine _eфокс-трот _e[для фортепиано] _zeng _fЛео В. [т. е. Джордж Уильям] Мейер |
|
| 203 |
_aМузыка _bзнаковая _bвизуальная _cнепосредственная |
||
| 210 |
_aМосква _cИзд-во "Маски" _cГлавлит _gНотопеч. Музсектора Гиз'а _eМосква _d[192-] |
||
| 215 |
_a5 с. _cцв. ил. _d36 см |
||
| 300 | _aНа тит. л. авангард. ил. Сигнатура художника: D. T. | ||
| 313 | _aСистематизация документа проведена по изданию - Методика классифицирования музыкальных произведений (нотных изданий) по таблицам Библиотечно-библиографических классификаций : метод. рекомендации / Гос. б-ка СССР им. В.И. Ленина.- М., 1977. Индексу ББК методических рекомендаций присваивается код ББК для научных библиотек - LBC/SL | ||
| 606 | 1 |
_aЭстрадная музыка американская _z20 в. _jНоты _2nlr_sh |
|
| 606 | 1 |
_aМузыкальные произведения для фортепиано _yСША _z20-21 вв. _jНоты _2nlr_sh |
|
| 606 | 1 |
_aФокстроты для фортепиано _yСША _z20 в. _jНоты _2nlr_sh |
|
| 686 | 0 | _aЩ954.2-085(7США) | |
| 700 | 1 |
_6z01790 _aМейер _bД. У. _f1884-1959 _gДжордж Уильям _4230 _7ca |
|
| 790 | 1 |
_6z01700 _aMeyer _bG. W. _f1884-1959 _gGeorge William _4230 _7ba |
|
| 801 | 0 |
_aRU _bNLR _c20240403 _gPSBO |
|
| 801 | 1 |
_aRU _bNLR _c20240403 _2rusmarc |
|
| 801 | 2 |
_aRU _bNLR _c20240403 |
|
| 852 |
_aNLR _jМ К-4/6549 _m274217 _t1 |
||
| 942 | _cSCORE | ||
| 980 | _aONIZ | ||
| 980 | _aNB | ||